Szczegóły MARC21

Bescherelle école : grammaire, orthographe grammaticale, ortographe d'usage, conjugaison, vocabulaire.

003 -Nazwa inst., której nr kontr. jest w polu 001 [,]
    • @
    • Nazwa instytucji, której n kontrolny jest w polu 001
    • NUKAT
005 -DATA I CZAS OSTATNIEJ MODYFIKACJI [,]
    • @
    • pole kontrolne
    • 20241231111941.0
020 -Międzynarod. znormalizowany nr książki - ISBN [ , ]
    • a
    • Numer ISBN
    • 2218715082 Find
040 -Instytucja sporządzająca opis [ , ]
    • a
    • Instytucja, która sporządziła opis (NP)
    • SZCZ U/JS
    • c
    • Instytucja, która sporządziła rekord (NP)
    • SZCZ U/JS
    • d
    • Instytucja, która zmodyfikowała rekord (P)
    • SZCZ U/MSZ
942 -Rodzaj dokumentu [ , ]
    • c
    • Rodzaj dokumentu
    • Książka
245 -Strefa tytułu i oznaczenia odpowiedzialności [0,0]
    • a
    • Tytuł
    • Bescherelle école : Find
    • b
    • Ciąg dalszy tytułu (NP)
    • grammaire, orthographe grammaticale, ortographe d'usage, conjugaison, vocabulaire. Find
246 -Wariant tytułu [1,3]
    • a
    • Tytuł (NP)
    • Grammaire, orthographe rammaticale, ortographe d'usage, conjugaison, vocabulaire
246 -Wariant tytułu [1,4]
    • a
    • Tytuł (NP)
    • Toutes les régles, des exemples amusants, grammaire, orthographe, conjugaison, vocabulaire
260 -Strefa adresu wydawniczego [ , ]
    • a
    • Miejsce wydania (P)
    • Paris :
    • b
    • Nazwa wydawcy (P)
    • Hatier,
    • c
    • Data wydania (P)
    • dr. 1997.
300 -Strefa opisu fizycznego [ , ]
    • a
    • Określenie formy książki i/lub objętość (NP)
    • 415 s. :
    • b
    • Oznaczenie ilustracji (NP)
    • il. kolor. ;
    • c
    • Format (NP)
    • 20 cm.
336 -Typ zawartości [ , ]
    • a
    • Termin opisujący typ zawartości
    • Tekst
    • b
    • Kod określający zawartość
    • txt
    • 2
    • Źródło (terminu i kodu)
    • rdacontent
337 -Typ mediów [ , ]
    • a
    • Tryb odtwarzania
    • Bez urządzenia pośredniczącego
    • b
    • Kod typu mediów
    • n
    • 2
    • Źródło (terminu i kodu)
    • rdamedia
338 -Typ/rodzaj nośnika [ , ]
    • a
    • Hasło opisujące typ nośnika
    • Wolumin
    • b
    • Kod typu nośnika
    • nc
    • 2
    • Źródło (terminu i kodu)
    • rdacarrier
490 -Strefa serii i książki wielotomowej - forma nie do wyszukiwania [1, ]
    • a
    • Tytuł (P)
    • Collection Bescherelle, Find
    • x
    • ISSN (NP)
    • 0990-3771
830 -Hasło dodatkowe serii i opisu książki wielotomowej - tytuł ujednolicony/tytuł [ ,0]
    • a
    • Tytuł ujednolicony/tytuł (NP)
    • Bescherelle (Paryż ; 1987)
    • x
    • ISSN
    • 0990-3771
    • 9
    • KHW
    • 86058
500 -Uwaga ogólna [ , ]
    • a
    • Uwaga ogólna (NP)
    • Na okł.: "Toutes les régles, des exemples amusants, grammaire, orthographe, conjugaison, vocabulaire".
504 -Uwaga dot. bibliogr. załącznikowej [ , ]
    • a
    • Uwaga dot. bibliografii załącznikowej
    • Bibliogr. s. 403-406. Indeks.
080 -Uniwersalna Klasyfikacja Dziesiętna [ , ]
    • 2
    • Identyfikator wydania tablic
    • UDC-P058
    • 9
    • UKD
    • 24411
    • a
    • Symbol klasyfikacji
    • 811.133.1'35
    • b
    • Dopowiedzenie
    • Język francuski. - Grafemika. Ortografia. Sylabizowanie. Interpunkcja. Pisownia.
    • 4
    • UKD2
    • 7653
    • x
    • Poddział wspólny
    • =133.1
    • c
    • Dopowiedzenie poddz. wspólnego
    • =Język francuski.
080 -Uniwersalna Klasyfikacja Dziesiętna [ , ]
    • 2
    • Identyfikator wydania tablic
    • UDC-P058
    • 9
    • UKD
    • 9645
    • a
    • Symbol klasyfikacji
    • 811.133.1'36
    • b
    • Dopowiedzenie
    • Język francuski. - Gramatyka. Gramatyka generatywna.
    • 4
    • UKD2
    • 7653
    • x
    • Poddział wspólny
    • =133.1
    • c
    • Dopowiedzenie poddz. wspólnego
    • =Język francuski.
650 -Hasło przedmiotowe [ ,7]
    • a
    • Hasło przedmiotowe
    • Język francuski
    • x
    • Określnik rzeczowy
    • używanie.
    • 2
    • Źródło terminu
    • kaba
    • 9
    • KHW
    • 113136
650 -Hasło przedmiotowe [ ,7]
    • a
    • Hasło przedmiotowe
    • Język francuski
    • x
    • Określnik rzeczowy
    • gramatyka.
    • 2
    • Źródło terminu
    • kaba
    • 9
    • KHW
    • 113087
980 -Symbol UKD [ , ]
    • a
    • UKD
    • 811.133.1]'35/'36=133.1
710 -Hasło dodatkowe - nazwa ciała zbiorowego [2, ]
    • a
    • Nazwa ciała zbiorowego lub nazwa geograficzna jako pierwszy element (NP)
    • Hatier.
    • 4
    • Kod relacji
    • pbl
    • 9
    • KHW
    • 57640
920 -ISBN [ , ]
    • a
    • ISBN
    • 2-218-71508-2 Find
Sygnatura Numer inwentarzowy Status udost. Lokalizacja Data inwentaryzacji
FR. Gramatyka 15A.90771BM2013-02-15